Gärten-Gardens
Na minha lista:
| Autor principal: | |
|---|---|
| Outros Autores: | |
| Formato: | Livro |
| Idioma: | alemão |
| Publicado em: |
Basel :
Birkhäuser,
1997
|
| Assuntos: | |
| Tags: |
Sem tags, seja o primeiro a adicionar uma tag!
|
MARC
| LEADER | 00000nam a22000003a 4500 | ||
|---|---|---|---|
| 001 | stu54463 | ||
| 005 | 20150617225705.1 | ||
| 008 | 000627s1997------------------------ger-d | ||
| 020 | |a 376435609X | ||
| 040 | |a STU |b slo | ||
| 041 | 0 | |a ger | |
| 100 | 1 | |a Kienast, Dieter |4 aut | |
| 245 | 1 | |a Gärten-Gardens | |
| 260 | |a Basel : |b Birkhäuser, |c 1997 | ||
| 650 | 7 | |a architektúra parková |2 stusub | |
| 650 | 7 | |a záhradná architektúra |2 stusub | |
| 700 | 1 | |a Vogt, Christian |4 pht | |
| 996 | |b 284AU00201 |c A*3467 U |l AAKNAR |s A |a 24 |w stu54463_0001 | ||